000 00639nam a2200181Ia 4500
008 151202s9999||||xx |||||||||||||| ||und||
082 _bPNVM-50878
100 _aवर्टी अ.वा.
245 _aपरिपाक : निवडक कथा-भा.1.
260 _b"कुलकर्णी ग्रंथागार, पुणे."
260 _c50878
300 _a206
600 _aवर्टी अ.वा.
630 _aपरिपाक : निवडक कथा-भा.1.
700 _aवर्टी अ.वा.
730 _aपरिपाक : निवडक कथा-भा.1.
942 _cBOOK
999 _c1317419
_d1317416